Путятин Н., князь

Доступно только в Электронных читальных залах Найти на картеНа карте
RUSMARC
00003969nmc2a22002891x 450
001e621f7cc-0b24-4dd1-96c8-92c19e4e2d39
00520130830172528.0
100##$a20130731l19051906k y0rusy50 ca
1010#$arus
102##$aRU
105##$ay z |||||
2001#$aПутятин Н., князь
$j3 марта 1905 - 24 ноября 1906
215##$a4 листа
$cмарки
251##$cДело
300##$aЗаголовок дела на папке: Письма Путятина Н., князя, Никольскому Б. Вл.
300##$a2 письма
300##$aЛисты 1, 3: конверты
300##$aРукописный текст
330##$aА. Переписка; 1. Письма к Б. В. Никольскому; (Геерлингер И., Мичерлинг А. А.) см. № 495
461#0$10011c5950b4-9b17-43ad-92f1-e565a07ae223
$12001
$aНикольский Борис Владимирович, историк права, профессор Юрьевского и Петербургского университетов, один из руководителей главного совета "Русского собрания", поэт, критик
$1251
$cФонд
$1852
$j588
462#0$1001855f2cb0-80f8-42f6-88fa-41bf4837b2b7
$12001
$aНикольский Борис Владимирович. 1837-1919 гг.
$1251
$cОпись
$1852
$j1
517##$aПисьма Путятина Н., князя, Никольскому Б. Вл.
600#1$aНикольский
$bБ. В.
$gБорис Владимирович
600#1$aПутятин
$bН.
$cкнязь
801#0$aRU
$bGA_RF
801#1$aRU
$bНПО Опыт
$c20130731
$2rusmarc
801#2$aRU
$bПБ им. Б.Н. Ельцина
$c20130830
$gRCR
$2rusmarc
852##$aГА РФ
$j636
937##$d31153367
$hПБ
035##$aRuPRLIB51010115
Формат отображения